[Event "IECC CL6-2002.30"]
[Site "IECC email"]
[Date "2002.10.13"]
[Round "?"]
[White "Sloan, John"]
[Black "Da Silva, Helder"]
[Result "0-1"]
[WhiteElo "1210"]
[BlackElo "1260"]
[PlyCount "30"]
[EventDate "2002.??.??"]
[EventType "tourn (corr)"]
[EventRounds "4"]
[SourceTitle "Corr 2008"]
[Source "ChessBase"]
[SourceDate "2008.06.24"]
[SourceVersion "1"]
[SourceVersionDate "2008.06.24"]
[SourceQuality "1"]

1. d4 d5 2. c4 c6 3. Nc3 Nf6 4. Bg5 dxc4 5. e3 b5 6. a4 a6 7. axb5 cxb5 8. Nf3 Bb7 9. Be2 e6 10. 0-0 Be7 11. b3 cxb3 12. Qxb3 0-0 13. Rac1 Nbd7 14. Ne5 Nxe5 15. dxe5 Ne4 0-1

[Event "IECC CL6-2001.33"]
[Site "IECC email"]
[Date "2001.11.05"]
[Round "?"]
[White "Robinson, Ian"]
[Black "Sloan, John"]
[Result "1-0"]
[WhiteElo "1290"]
[BlackElo "1260"]
[PlyCount "109"]
[EventDate "2001.??.??"]
[EventType "tourn (corr)"]
[EventRounds "4"]
[SourceTitle "Corr 2008"]
[Source "ChessBase"]
[SourceDate "2008.06.24"]
[SourceVersion "1"]
[SourceVersionDate "2008.06.24"]
[SourceQuality "1"]

1. d4 d5 2. c4 dxc4 3. Nf3 Nf6 4. e3 e6 5. Bxc4 c5 6. 0-0 a6 7. Qe2 b5 8. Bb3 Bb7 9. Rd1 Qc7 10. a4 c4 11. Bc2 b4 12. Nbd2 c3 13. Nc4 cxb2 14. Bxb2 Be7 15. Nce5 0-0 16. Ng5 h6 17. Ngxf7 Rxf7 18. Nxf7 Kxf7 19. Rac1 Qb6 20. h3 Nbd7 21. f3 a5 22. f4 Ne4 23. f5 b3 24. fxe6+ Qxe6 25. Qf3+ Nef6 26. Bf5 Bxf3 27. Bxe6+ Kxe6 28. gxf3 Nd5 29. Rc6+ Kf7 30. e4 Nb4 31. Rc3 Nb6 32. Rxb3 Nxa4 33. Ba1 Nc2 34. Rbd3 Nxa1 35. Rxa1 Nb2 36. Rb3 Nc4 37. Kf2 a4 38. Rb7 Kf8 39. Rab1 Nd2 40. Rb8+ Rxb8 41. Rxb8+ Kf7 42. Ke2 Nb3 43. Ke3 a3 44. Ra8 Bb4 45. Ra7+ Kg6 46. Ra4 Be7 47. f4 Kf6 48. Ra6+ Kf7 49. e5 g6 50. d5 Bc5+ 51. Ke4 Nd2+ 52. Kd3 Nf3 53. Kc4 Bd4 54. e6+ Ke7 55. Rxa3 1-0

[Event "IECC CL6-2001.21"]
[Site "IECC email"]
[Date "2001.06.27"]
[Round "?"]
[White "Popp, Tony"]
[Black "Sloan, John"]
[Result "1/2-1/2"]
[WhiteElo "1316"]
[BlackElo "1226"]
[PlyCount "66"]
[EventDate "2001.??.??"]
[EventType "tourn (corr)"]
[EventRounds "4"]
[SourceTitle "Corr 2008"]
[Source "ChessBase"]
[SourceDate "2008.06.24"]
[SourceVersion "1"]
[SourceVersionDate "2008.06.24"]
[SourceQuality "1"]

1. f4 d5 2. b3 Nf6 3. Bb2 c5 4. e3 a6 5. Nf3 Nc6 6. Be2 e6 7. 0-0 Bd6 8. Ne5 Qc7 9. d4 cxd4 10. exd4 Nd7 11. Nd2 f6 12. Bh5+ g6 13. Bxg6+ hxg6 14. Nxg6 Rh6 15. Qg4 Nf8 16. Nxf8 Kxf8 17. Qf3 Qh7 18. c4 Rxh2 19. cxd5 Qh4 20. g3 Qh3 21. Rf2 Rxf2 22. Kxf2 Ne7 23. Rh1 Qf5 24. Ne4 Qxd5 25. Nxd6 Qxf3+ 26. Kxf3 Kg8 27. Rc1 Bd7 28. g4 Bc6+ 29. Kg3 Kg7 30. g5 Nd5 31. Re1 Rf8 32. gxf6+ Kxf6 33. Bc1 Rg8+ 1/2-1/2

[Event "IECC CL6-2001.20"]
[Site "IECC email"]
[Date "2001.06.24"]
[Round "?"]
[White "MacNair, Adrian"]
[Black "Sloan, John"]
[Result "0-1"]
[WhiteElo "1296"]
[BlackElo "1229"]
[PlyCount "52"]
[EventDate "2001.??.??"]
[EventType "tourn (corr)"]
[EventRounds "4"]
[SourceTitle "Corr 2008"]
[Source "ChessBase"]
[SourceDate "2008.06.24"]
[SourceVersion "1"]
[SourceVersionDate "2008.06.24"]
[SourceQuality "1"]

1. e4 e5 2. Nf3 Nc6 3. Bb5 a6 4. Bxc6 dxc6 5. 0-0 Bg4 6. h3 h5 7. d3 Qf6 8. Nbd2 Ne7 9. Nc4 Bxf3 10. Qxf3 Qxf3 11. gxf3 Ng6 12. Be3 b6 13. a4 f6 14. a5 b5 15. Nd2 Nf4 16. Kh2 Be7 17. Bxf4 exf4 18. c3 c5 19. Rab1 0-0-0 20. d4 cxd4 21. cxd4 Rxd4 22. Nb3 Rd3 23. Nc1 Rxf3 24. b4 Rc3 25. Ne2 Rc4 26. Kh1 g5 0-1

[Event "IECC CL5-2001.18"]
[Site "IECC email"]
[Date "2001.06.16"]
[Round "?"]
[White "Romero, Paul L"]
[Black "Sloan, John"]
[Result "1-0"]
[WhiteElo "1606"]
[BlackElo "1231"]
[PlyCount "67"]
[EventDate "2001.??.??"]
[EventType "tourn (corr)"]
[EventRounds "4"]
[SourceTitle "Corr 2008"]
[Source "ChessBase"]
[SourceDate "2008.06.24"]
[SourceVersion "1"]
[SourceVersionDate "2008.06.24"]
[SourceQuality "1"]

1. d4 d5 2. Bg5 Bf5 3. c4 dxc4 4. Nc3 Nf6 5. Bxf6 exf6 6. e4 Bd7 7. Bxc4 Bb4 8. Qb3 Qe7 9. Bxf7+ Qxf7 10. Qxb4 b6 11. d5 Qg6 12. Kf1 a5 13. Qd4 0-0 14. Nge2 Re8 15. f3 Kh8 16. Kf2 Na6 17. g4 Nc5 18. Rhd1 Rad8 19. Rac1 Qh6 20. Kg2 Qh4 21. Ng3 Bxg4 22. fxg4 Qxg4 23. Re1 h5 24. h3 Qg5 25. Kh2 Ne6 26. Qe3 Qe5 27. h4 Nc5 28. Rc2 f5 29. Rf2 fxe4 30. Rf5 Qd6 31. Rxh5+ Kg8 32. Rg5 c6 33. dxc6 Qxc6 34. Ngxe4 1-0

[Event "IECC CL6-2001.09"]
[Site "IECC email"]
[Date "2001.02.23"]
[Round "?"]
[White "Nash, Chris"]
[Black "Sloan, John"]
[Result "1/2-1/2"]
[WhiteElo "1326"]
[BlackElo "1235"]
[PlyCount "65"]
[EventDate "2001.??.??"]
[EventType "tourn (corr)"]
[EventRounds "4"]
[SourceTitle "Corr 2008"]
[Source "ChessBase"]
[SourceDate "2008.06.24"]
[SourceVersion "1"]
[SourceVersionDate "2008.06.24"]
[SourceQuality "1"]

1. e4 e5 2. f4 exf4 3. Nf3 d5 4. exd5 Nf6 5. Bc4 Bd6 6. 0-0 0-0 7. d3 Bg4 8. h3 Bd7 9. a3 Nh5 10. Nc3 Ng3 11. Re1 c6 12. Ne4 Qb6+ 13. Kh2 Nxe4 14. dxe4 cxd5 15. Bxd5 Bc6 16. e5 Be7 17. c4 g5 18. b4 a5 19. c5 Qc7 20. Bxc6 Nxc6 21. Bb2 axb4 22. axb4 Rxa1 23. Qxa1 h6 24. b5 Nd8 25. Nd4 h5 26. Nf5 Ne6 27. Nxe7+ Qxe7 28. c6 bxc6 29. Ba3 c5 30. Rc1 Qa7 31. Qb2 Qb6 32. Qe2 h4 33. Qc4 1/2-1/2

[Event "IECC CL6-2000.35"]
[Site "IECC email"]
[Date "2000.11.28"]
[Round "?"]
[White "Lin, Chau Jen"]
[Black "Sloan, John"]
[Result "1-0"]
[WhiteElo "1403"]
[BlackElo "1259"]
[PlyCount "37"]
[EventDate "2000.??.??"]
[EventType "tourn (corr)"]
[EventRounds "4"]
[SourceTitle "Corr 2008"]
[Source "ChessBase"]
[SourceDate "2008.06.24"]
[SourceVersion "1"]
[SourceVersionDate "2008.06.24"]
[SourceQuality "1"]

1. e4 e6 2. d4 d5 3. Nd2 Nf6 4. e5 Nfd7 5. Bd3 c5 6. c3 Nc6 7. Ngf3 Qb6 8. 0-0 cxd4 9. cxd4 Nxd4 10. Nxd4 Qxd4 11. Nf3 Qb6 12. Qa4 Bc5 13. Qg4 g6 14. h4 f6 15. Bxg6+ Ke7 16. Bh5 Kd8 17. exf6 Nxf6 18. Qg7 Rf8 19. Bg5 1-0

[Event "IECC M email"]
[Site "IECC email"]
[Date "2000.10.08"]
[Round "?"]
[White "Sloan, John"]
[Black "Tan, Jacinto"]
[Result "0-1"]
[WhiteElo "1250"]
[BlackElo "1341"]
[PlyCount "32"]
[EventDate "2000.??.??"]
[EventType "tourn (corr)"]
[EventRounds "2"]
[SourceTitle "Corr 2008"]
[Source "ChessBase"]
[SourceDate "2008.06.24"]
[SourceVersion "1"]
[SourceVersionDate "2008.06.24"]
[SourceQuality "1"]

1. e4 c6 2. d4 d5 3. Nc3 dxe4 4. Nxe4 Bf5 5. Ng3 Bg6 6. Nf3 h6 7. Bd3 Bxd3 8. Qxd3 e6 9. 0-0 Nf6 10. c4 Bd6 11. Ne4 0-0 12. Nxd6 Qxd6 13. a4 Nbd7 14. b3 e5 15. Nxe5 Nxe5 16. Qg3 Qxd4 0-1

[Event "IECC Trio 693 email"]
[Site "IECC email"]
[Date "1999.02.20"]
[Round "?"]
[White "Fantoni, Franco"]
[Black "Sloan, John"]
[Result "1-0"]
[WhiteElo "1438"]
[BlackElo "1389"]
[PlyCount "27"]
[EventDate "1999.??.??"]
[EventType "tourn (corr)"]
[EventRounds "4"]
[SourceTitle "Corr 2008"]
[Source "ChessBase"]
[SourceDate "2008.06.24"]
[SourceVersion "1"]
[SourceVersionDate "2008.06.24"]
[SourceQuality "1"]

1. e4 d6 2. d4 Nf6 3. Nc3 g6 4. Nf3 Bg7 5. Bc4 0-0 6. Bg5 c6 7. e5 d5 8. Bd3 Ne8 9. 0-0 h6 10. Be3 f6 11. Bxg6 fxe5 12. Nxe5 Nd7 13. Qh5 Ndf6 14. Bf7+ 1-0

[Event "IECC Trio 668 email"]
[Site "IECC email"]
[Date "1999.01.13"]
[Round "?"]
[White "Jeffrey, Jack Thomas"]
[Black "Sloan, John"]
[Result "1/2-1/2"]
[WhiteElo "1312"]
[BlackElo "1393"]
[PlyCount "64"]
[EventDate "1999.??.??"]
[EventType "tourn (corr)"]
[EventRounds "4"]
[SourceTitle "Corr 2008"]
[Source "ChessBase"]
[SourceDate "2008.06.24"]
[SourceVersion "1"]
[SourceVersionDate "2008.06.24"]
[SourceQuality "1"]

1. e4 e5 2. Nf3 Nc6 3. Bb5 a6 4. Bxc6 dxc6 5. 0-0 Bg4 6. h3 Bxf3 7. Qxf3 Nf6 8. a3 Be7 9. Nc3 0-0 10. d3 Nd7 11. b4 c5 12. Rb1 cxb4 13. axb4 c6 14. Be3 Bg5 15. Bxg5 Qxg5 16. Qe2 b5 17. Rfe1 a5 18. Qe3 Qxe3 19. Rxe3 axb4 20. Rxb4 Ra1+ 21. Rb1 Rxb1+ 22. Nxb1 Ra8 23. Re1 Ra1 24. Kf1 Kf8 25. Nd2 Rxe1+ 26. Kxe1 Ke7 27. f3 Nc5 28. g3 Ke6 29. Kd1 g6 30. g4 h6 31. Ke1 f5 32. Kf2 Kf6 1/2-1/2